000 00248 a2200097 4500
001 41798
100 _aCompton's
245 _aCompton's Pictured Encyclopedia & Fact Index (Vol-V)
260 _aChicago
_bF E Compton & Co.
_c
090 _c25909
_d25909
942 _aNUST-CAE
_cM
_c17679
999 _c276871
_d276871